000 01174cam a2200325 i 4500
001 xx001126781
003 NUKAT
005 20260427213558.0
008 080526s1939 pl |000 0 pol c
035 _a(OCoLC)749909572
035 _a(NUKAT)xx001126781
040 _aWA U/76BM
_cWA U/BM
_dWA U/76DP
_dPOZN U/GZs
100 1 _aGórzyński, Stefan
_d(1898-1961).
_940703
245 1 0 _aObowiązki kupców w świetle "Opisania o składziech i starych drogach Króla Zygmunta Augusta z 1565 r." /
_cStefan Górzyński.
260 _aWarszawa :
_bnakł. Wydawnictwa "Świat Współczesny",
_c1939.
300 _a58, [1] s. ;
_c22 cm.
336 _aTekst
_btxt
_2rdacontent
337 _aBez urządzenia pośredniczącego
_bn
_2rdamedia
338 _aWolumin
_bnc
_2rdacarrier
380 _aKsiążki
510 3 _aBP 1901-1939 online
610 1 7 _aPolska.
_bSejm (1562-1567).
_2kaba
_940704
648 7 _a1501-1600
_2DBN
_936032
650 7 _aHandel
_2DBN
_940498
650 7 _aHandel
_zPolska
_y16 w.
_2kaba
_940705
650 7 _aPrawo handlowe
_zPolska
_y16 w.
_2kaba
_940707
651 7 _aPolska
_2DBN
_935076
658 _aGospodarka, ekonomia, finanse
942 _2ddc
_cBK_NM
999 _c27809
_d27809